书目信息 |
| 题名: |
室内陈设艺术研究
|
|
| 作者: | 姜鹏 著 | |
| 分册: | ||
| 出版信息: | 长春 吉林摄影出版社 2019.09 |
|
| 页数: | 190页 | |
| 开本: | 24cm | |
| 丛书名: | ||
| 单 册: | ||
| 中图分类: | J525.1 | |
| 科图分类: | ||
| 主题词: | 室内布置--shi nei bu zhi--设计--研究 | |
| 电子资源: | ||
| ISBN: | 978-7-5498-4138-7 | |
| 000 | 00955nam0 2200229 450 | |
| 001 | 2035324614 | |
| 005 | 20201106094853.67 | |
| 010 | @a978-7-5498-4138-7@dCNY58.00 | |
| 100 | @a20191016d2019 em y0chiy50 ea | |
| 101 | 0 | @achi |
| 102 | @aCN@b220000 | |
| 105 | @aa a 000yy | |
| 200 | 1 | @a室内陈设艺术研究@Ashi nei chen she yi shu yan jiu@f姜鹏著 |
| 210 | @a长春@c吉林摄影出版社@d2019.09 | |
| 215 | @a190页@c图@d24cm | |
| 320 | @a有书目 (第189-190页) | |
| 330 | @a本书重点论述室内陈设的基本知识、家具的基本构造和工艺、室内陈设设计等, 对培养设计者的室内设计岗位能力具有重要作用。同时, 本著作还把室内家具、室内饰品、室内绿化等内容进行了有机组织, 强调它们在室内设计中的整体性, 突出应用性, 努力反映我国目前在家具与陈设方面的新技术、新工艺。内容新颖、图文并茂、文字通俗易懂。 | |
| 606 | 0 | @a室内布置@Ashi nei bu zhi@x设计@x研究 |
| 690 | @aJ525.1@v5 | |
| 701 | 0 | @a姜鹏@Ajiang peng@4著 |
| 801 | 0 | @aCN@b人天书店@c20201025 |
| 905 | @aZUCC@dJ525.1@eJ512 | |
| 室内陈设艺术研究/姜鹏著.-长春:吉林摄影出版社,2019.09 |
| 190页:图;24cm |
| ISBN 978-7-5498-4138-7:CNY58.00 |
| 本书重点论述室内陈设的基本知识、家具的基本构造和工艺、室内陈设设计等, 对培养设计者的室内设计岗位能力具有重要作用。同时, 本著作还把室内家具、室内饰品、室内绿化等内容进行了有机组织, 强调它们在室内设计中的整体性, 突出应用性, 努力反映我国目前在家具与陈设方面的新技术、新工艺。内容新颖、图文并茂、文字通俗易懂。 |
| ● |
| 相关链接 |
|
|
|
正题名:室内陈设艺术研究
索取号:J525.1/J512
 
预约/预借
| 序号 | 登录号 | 条形码 | 馆藏地/架位号 | 状态 | 备注 |
| 1 | 1481590 | 214815903 | 社科库309/309社科库 88排2列5层/ [索取号:J525.1/J512] | 在馆 | |
| 2 | 1481591 | 214815912 | 社科库309/309社科库 88排2列5层/ [索取号:J525.1/J512] | 在馆 |